Państwa Ameryki Północnej - nagła śmierć - Statystyki

Ogólne statystyki
  • Ten quiz został rozwiązany 1 287 razy
  • Średni wynik to 18 z 23
Answers on the Grid
Answers color-coded by a green-red scale on the quiz's grid according to % correct below.
Kanada
Trynidad i Tobago
USA
Mali
Dominikana
Indonezja
Irak
Palau
Afganistan
Haiti
Gwatemala
Fidżi
Jemen
Armenia
Wietnam
Malta
Bahamy
Honduras
Monako
Mongolia
Grenada
Jamajka
Australia
Antigua i Barbuda
Oman
Tajwan
Kostaryka
Angola
Barbados
Andora
Kuba
Boliwia
Saint Vincent
i Grenadyny
Peru
Meksyk
Ghana
Dominika
Surinam
Gujana
Belize
Mikronezja
Nikaragua
Nowa Zelandia
Kolumbia
Brazylia
Saint Lucia
Panama
Saint Kitts i
Nevis
Salwador
Chile
 
Statystyki odpowiedzi
Odpowiedź % Poprawnych
Kanada
97%
USA
96%
Dominikana
92%
Haiti
85%
Bahamy
84%
Jamajka
84%
Trynidad i Tobago
84%
Barbados
81%
Gwatemala
81%
Honduras
81%
Kuba
80%
Kostaryka
79%
Antigua i Barbuda
78%
Saint Vincent
i Grenadyny
78%
Grenada
77%
Dominika
75%
Meksyk
73%
Saint Lucia
70%
Saint Kitts i
Nevis
68%
Nikaragua
67%
Panama
67%
Salwador
67%
Belize
65%
Nie znaleziono quizów pasujących do podanych kryteriów
Rozkład punktacji
Procent ludzi z każdym wynikiem
Percentyl według liczby udzielonych odpowiedzi
Twoja historia wyników
Nie rozwiązałeś tego quizu